000 00406nam a22001457a 4500
005 20180207101310.0
008 180207b xxu||||| |||| 00| 0 eng d
040 _cPK-LaUMT
082 _aPKAC 109.2
_bISH-I
100 _aIshrat Hasan Anwer
245 _aIqbal aur mashriq wa maghrib kay mufakareen/
_cIshrat Hasan Anwer
260 _aلاہور:
_bبزم اقبال
_c1989
300 _a194
942 _cBK
999 _c102717
_d102717